MLB Teams' Biggest Victims - Statistics

General Stats
  • This quiz has been taken 17 times
  • The average score is 13 of 30
Answer Stats
Team Wins Victim % Correct
New York Yankees 1301 Baltimore Orioles
100%
Boston Red Sox 1216 Baltimore Orioles
87%
Pittsburgh Pirates 1279 Chicago Cubs
87%
Atlanta Braves 1275 Philadelphia Phillies
80%
St. Louis Cardinals 1250 Cincinnati Reds
67%
Cincinnati Reds 1183 Pittsburgh Pirates
67%
Los Angeles Dodgers 1221 San Francisco Giants
67%
Philadelphia Phillies 1161 Atlanta Braves
53%
Baltimore Orioles 1003 Boston Red Sox
53%
Cleveland Indians 1149 Minnesota Twins
53%
Minnesota Twins 1070 Chicago White Sox
47%
Washington Nationals 436 New York Mets
47%
Chicago White Sox 1146 Minnesota Twins
40%
Detroit Tigers 1126 Minnesota Twins
40%
Texas Rangers 449 Oakland Athletics
40%
Los Angeles Angels 470 Texas Rangers
40%
Chicago Cubs 1241 Atlanta Braves
33%
San Francisco Giants 1263 Philadelphia Phillies
33%
New York Mets 479 Philadelphia Phillies
33%
Seattle Mariners 323 Texas Rangers
33%
Toronto Blue Jays 341 Baltimore Orioles
27%
Kansas City Royals 386 Minnesota Twins
27%
Arizona Diamondbacks 210 Colorado Rockies
20%
Colorado Rockies 228 San Diego Padres
20%
San Diego Padres 398 San Francisco Giants
20%
Houston Astros 401 Cincinnati Reds
13%
Oakland Athletics 1009 Minnesota Twins
13%
Tampa Bay Rays 198 Toronto Blue Jays
13%
Miami Marlins 219 Washington Nationals
13%
Milwaukee Brewers 228 Minnesota Twins
0%
No matching quizzes found
Score Distribution
Percent of People with Each Score
Percentile by Number Answered
Your Score History
You have not taken this quiz